000 00472nam a2200169Ia 4500
003 GCL
008 140319s9999 xx 000 0 eng d
040 _aGCL /
_cGCL
082 0 4 _a407
_bW T
100 1 _aWALLACE, MICHAEL J.
245 1 0 _aTRAINING FOREING LANGUAGE TEACHERS /
_cWALLACE, MICHAEL J.
260 _a[S.N] :
_bCAMBRIBGE UNIVERSITY PRESS ،
_c1994
300 _a176 P P
650 0 4 _aLANGUAGE TEACHERS
650 0 4 _aPROFESSIONAL EDUCATION
942 _2ddc
_cBK
999 _c17558
_d17558